000 01109nam a2200289 a 4500
001 000011494
005 20240530073912.0
008 091019s1988 dr 000 f spa d
040 _aDO-SdBNP
_bspa
_cBNPHU
082 _aRD863.44
_bM385m
100 1 _aMartínez, Vilma
_927215
245 1 3 _aLa mujer en solo cenizas hallaras /
_cVilma Martínez, Cecilia Blanco, Solángel Román.
260 _aSanto Domingo :
_bUniversitaria,
_c1988.
300 _a182 p. ;
_c20 cm.
490 1 _aPublicaciones de la Universidad Autónoma de Santo Domingo
_v540
490 1 _aTesis
_v3
590 _aInventariado, 2019/BT
600 1 4 _aVERGÉS, PEDRO
_xCRÍTICA E INTERPRETACIÓN
_927216
650 0 _aNovela dominicana
_9223
650 0 _aLiteratura dominicana.
_967
700 1 _aVergés, Pedro
_tLa mujer en solo cenizas hallaras
_927217
700 1 _aBlanco, Cecilia
_927218
700 1 _aRomán, Solánge
_927219
710 1 _aUniversidad Autónoma de Santo Domingo
_972951
830 _aPublicaciones de la Universidad Autónoma de Santo Domingo ;
_n1150
_v540
_911848
910 _aValidado. Control de calidad MFF
999 _c11195
_d11195